000 00483nas a2200181 4500
001 5320
005 20181127175228.0
022 0 0 _a1000-9140
090 0 0 _aPERIODICAL
245 0 0 _aBeijing Review
_b
_c
260 0 0 _aBeijing, China :
_bBeijing Review
_c
300 0 0 _a
310 0 0 _aWeekly
500 0 0 _aLibrary begin receiving free copies with: vol.58 no.33
650 0 0 _aCommerce --Periodicals.
_x
650 0 0 _aEconomic history --Periodicals.
_x
650 0 0 _aFinance --Periodicals.
_x
999 _c4463
_d4463